| 000 | 00622nam a22001937a 4500 | ||
|---|---|---|---|
| 003 | BD-DhUL | ||
| 005 | 20181007100744.0 | ||
| 008 | 180314s1934 ii ||||| |||| 00| 0 urd d | ||
| 040 |
_aBD-DhUL _cBD-DhUL |
||
| 082 |
_a891.438 _bHAM |
||
| 100 | 0 | _aخواجہ الطاف حسین حالی۔ | |
| 245 | 1 |
_aمقالات حالی : _bحصہ اول / _cخواجہ الطاف حسین حالی۔ |
|
| 246 | _aMuqālāt-e Ḥālī : pt. 1 | ||
| 260 |
_aدھلی : _bجامع پریس، _c۱۹۳۶۔ |
||
| 300 |
_aجلد ۱ ; _c۲۲ سم۔ |
||
| 650 | 4 | _aUrdu literature. | |
| 700 | 3 |
_aعبد الحق۔ _eed. |
|
| 942 |
_2ddc _cBK |
||
| 999 |
_c239223 _d239223 |
||